Central Library OPAC University of Rajshahi

Middle East oil crises since 1973 / (Record no. 52090)

MARC details
000 -LEADER
fixed length control field 00761cam a2200241 a 4500
001 - CONTROL NUMBER
control field 52090
003 - CONTROL NUMBER IDENTIFIER
rucl marc code BD-RjUL
005 - DATE AND TIME OF LATEST TRANSACTION
control field 20211209075743.0
008 - FIXED-LENGTH DATA ELEMENTS--GENERAL INFORMATION
fixed length control field 160905s1986 cou b 001 0 eng
020 ## - INTERNATIONAL STANDARD BOOK NUMBER
International Standard Book Number 0813301505 (alk. paper) :
035 ## - SYSTEM CONTROL NUMBER
System control number (BD-RjUL)52210
040 ## - CATALOGING SOURCE
Original cataloging agency DLC
Transcribing agency DLC
Modifying agency BD-RjUL
Language of cataloging eng
041 ## - LANGUAGE CODE
Language code of text/sound track or separate title eng
082 00 - DEWEY DECIMAL CLASSIFICATION NUMBER
Classification number 338.272820956
Edition number 23
Author mark and year SHM 1986
100 1# - MAIN ENTRY--PERSONAL NAME
Personal name Shwadran, Benjamin.
9 (RLIN) 155787
245 10 - TITLE STATEMENT
Title Middle East oil crises since 1973 /
Statement of responsibility, etc. Benjamin Shwadran.
260 ## - PUBLICATION, DISTRIBUTION, ETC. (IMPRINT)
Place of publication, distribution, etc. Boulder :
Name of publisher, distributor, etc. Westview Press,
Date of publication, distribution, etc. c1986.
300 ## - PHYSICAL DESCRIPTION
Pagination xv, 254 p. ;
Size 24 cm.
504 ## - BIBLIOGRAPHY, ETC. NOTE
Bibliography, etc Includes index and Bibliography: p. 234-240.
650 #0 - SUBJECT ADDED ENTRY--TOPICAL TERM
Topical term or geographic name as entry element Petroleum industry and trade
Geographic subdivision Middle East.
9 (RLIN) 130003
Topical term or geographic name as entry element Petroleum industry and trade.
9 (RLIN) 155788
942 ## - ADDED ENTRY ELEMENTS (KOHA)
Source of classification or shelving scheme Dewey Decimal Classification
Koha item type Books
Holdings
Lost status Source of classification or shelving scheme Damaged status Not for loan Collection code Permanent Location Current Location Shelving location Date acquired Source of acquisition Total Checkouts Full call number Date last seen Copy number Koha item type
  Dewey Decimal Classification     Non-fiction Central Library, University of Rajshahi Central Library, University of Rajshahi   17/06/1991 Asia foundation   338.272820956 SHM 1986 05/09/2016 C-2 Books